Thực tập phân tích kiểm nghiệm sản phẩm thủy sản
में बचाया:
| मुख्य लेखक: | |
|---|---|
| स्वरूप: | पुस्तक |
| भाषा: | Undetermined |
| प्रकाशित: |
Nha Trang
Đại học Thủy sản
1995
|
| विषय: | |
| टैग : |
टैग जोड़ें
कोई टैग नहीं, इस रिकॉर्ड को टैग करने वाले पहले व्यक्ति बनें!
|
| Thư viện lưu trữ: | Trung tâm Học liệu Trường Đại học Cần Thơ |
|---|
| LEADER | 00563nam a2200193Ia 4500 | ||
|---|---|---|---|
| 001 | CTU_115553 | ||
| 008 | 210402s9999 xx 000 0 und d | ||
| 020 | |c 5000 | ||
| 082 | |a 639 | ||
| 082 | |b H466 | ||
| 100 | |a Đặng, Văn Hợp | ||
| 245 | 0 | |a Thực tập phân tích kiểm nghiệm sản phẩm thủy sản | |
| 245 | 0 | |c Đặng Văn Hợp | |
| 260 | |a Nha Trang | ||
| 260 | |b Đại học Thủy sản | ||
| 260 | |c 1995 | ||
| 650 | |a Fisheries | ||
| 904 | |i Bằng | ||
| 980 | |a Trung tâm Học liệu Trường Đại học Cần Thơ | ||